000 00710cam a2200241 4500
001 M1669
008 090401t1995 xxu||||| |||| 00| 0 eng d
035 _a(Sirsi) u33658
041 _aeng
050 _a333.332
090 _aRICS 1995/3A
110 _aRoyal Institution of Chartered Surveyors
_94900
245 _aStatements of asset valuation practice and guidance notes (third edition). Amendments 7 - Janaury 1995
260 _aLondon
_bRICS
_c1995
300 _a1 envelope
350 _a0
650 _aAMENDMENTS 7
650 _aRICS APPRAISAL AND VALUATION MANUAL
650 _aSTATEMENTS OF ASSET VALUATION PRACTICE
690 _aRATING AND VALUATION
942 _n0
948 _c04/03/1997
999 _c89835
_d89835